Problemas del subdesarrollo económico latinoamericano
Guardat en:
| Autor principal: | |
|---|---|
| Format: | Llibre |
| Idioma: | espanyol |
| Publicat: |
Buenos Aires
EUDEBA
1969
|
| Edició: | 2a. ed |
| Matèries: | |
| Etiquetes: |
Afegir etiqueta
Sense etiquetes, Sigues el primer a etiquetar aquest registre!
|
MARC
| LEADER | 00000nam a2200000 a 4500 | ||
|---|---|---|---|
| 001 | UCR9525 | ||
| 003 | CL-VaPUC | ||
| 008 | 980613e19690000AG |||||||||||||||||spa|d | ||
| 082 | 0 | 4 | |a 338.98 |b BAL |2 21 |
| 100 | 0 | |a Baltra Cortés, Alberto |e author |9 412142 | |
| 245 | 1 | 0 | |a Problemas del subdesarrollo económico latinoamericano |
| 250 | |a 2a. ed | ||
| 300 | |a 94 p | ||
| 942 | |c BK | ||
| 945 | |d 19980613 00:00:00 |a crobeson | ||
| 260 | |a Buenos Aires |b EUDEBA |c 1969 | ||
| 650 | 7 | |a SUBDESARROLLO |2 CL-VaPUC |9 337696 | |
| 650 | 7 | |a PAISES EN RECESION |2 CL-VaPUC |9 338231 | |
| 650 | 7 | |a CONDICIONES SOCIOECONOMICAS |2 CL-VaPUC |9 381421 | |
| 651 | 0 | |a América Latina |9 255027 | |
| 583 | |a last modification |c 19980613 00:00:00 |k Rodrigo Vera | ||
| 999 | |c 270714 |d 270712 | ||
| 952 | |0 0 |1 0 |4 0 |6 338_980000000000000_BAL_1969 |7 0 |8 P |9 305106 |a BIBENE |b BIBENE |d 2019-11-20 |i 1417339 |o 338.98 BAL 1969 |p 1417339 |r 2025-01-15 |w 2019-11-20 |y BK |k ICO | ||